| 000 | 00513nam a2200181Ia 4500 | ||
|---|---|---|---|
| 999 |
_c14214 _d14214 |
||
| 003 | OSt | ||
| 005 | 20201109134207.0 | ||
| 008 | 190216s9999||||xx |||||||||||||| ||und|| | ||
| 020 | _a9788125016168 | ||
| 040 | _coclc | ||
| 082 |
_a821 _bTHA/A |
||
| 100 |
_aThaker, Praveen K _96356 |
||
| 245 | 0 |
_aAppreciating English Poetry / _cPraveen K Thaker |
|
| 260 |
_bOrient Longman, _c2003. _aHyderabad: |
||
| 300 | _a159p | ||
| 650 | _aEnglish Poetry | ||
| 942 |
_cBK _2ddc _h821 _iTHA/A _k821 _mTHA/A |
||